MyGZULibrary

Analysing quantitative data : (Record no. 7421)

MARC details
000 -LEADER
fixed length control field 01811cam a22004337i 4500
001 - CONTROL NUMBER
control field 18193199
003 - CONTROL NUMBER IDENTIFIER
control field GZU
005 - DATE AND TIME OF LATEST TRANSACTION
control field 20210510121103.0
008 - FIXED-LENGTH DATA ELEMENTS--GENERAL INFORMATION
fixed length control field 140619s2015 caua b 001 0 eng c
010 ## - LIBRARY OF CONGRESS CONTROL NUMBER
LC control number 2014943646
015 ## - NATIONAL BIBLIOGRAPHY NUMBER
National bibliography number GBB4E5475
Source bnb
016 7# - NATIONAL BIBLIOGRAPHIC AGENCY CONTROL NUMBER
Record control number 016974801
Source Uk
020 ## - INTERNATIONAL STANDARD BOOK NUMBER
International Standard Book Number 9781446273531
020 ## - INTERNATIONAL STANDARD BOOK NUMBER
International Standard Book Number 9781446273524
020 ## - INTERNATIONAL STANDARD BOOK NUMBER
Canceled/invalid ISBN 1446273539
035 ## - SYSTEM CONTROL NUMBER
System control number (OCoLC)ocn890624974
040 ## - CATALOGING SOURCE
Original cataloging agency BTCTA
Language of cataloging eng
Transcribing agency BTCTA
Description conventions rda
Modifying agency BDX
-- UKMGB
-- CDX
-- GPM
-- MUM
-- MEU
-- NJM
-- YDXCP
-- OCLCF
-- DLC
050 00 - LIBRARY OF CONGRESS CALL NUMBER
Classification number HD30.4
Item number .S325 2015
100 1# - MAIN ENTRY--PERSONAL NAME
Personal name Scherbaum, Charles A.,
Relator term author.
245 10 - TITLE STATEMENT
Title Analysing quantitative data :
Remainder of title for business and management students /
Statement of responsibility, etc. Charles A. Scherbaum & Kristen M. Shockley.
264 #1 - PRODUCTION, PUBLICATION, DISTRIBUTION, MANUFACTURE, AND COPYRIGHT NOTICE
Place of production, publication, distribution, manufacture Thousand Oaks, CA :
-- London :
Name of producer, publisher, distributor, manufacturer SAGE,
Date of production, publication, distribution, manufacture, or copyright notice 2015.
300 ## - PHYSICAL DESCRIPTION
Extent xiv, 165 pages :
Other physical details illustrations ;
Dimensions 24 cm
336 ## - CONTENT TYPE
Content type term text
Content type code txt
Source rdacontent
337 ## - MEDIA TYPE
Media type term unmediated
Media type code n
Source rdamedia
338 ## - CARRIER TYPE
Carrier type term volume
Carrier type code nc
Source rdacarrier
504 ## - BIBLIOGRAPHY, ETC. NOTE
Bibliography, etc. note Includes bibliographical references (pages [155]-159) and index.
505 0# - FORMATTED CONTENTS NOTE
Formatted contents note 1. Introduction -- 2. Understanding quantitative data analysis -- 3. Basic components of quantitative data analysis -- 4. Conducting quantitative data analysis -- 5. Examples of quantitative data analysis -- 6. Conclusions.
546 ## - LANGUAGE NOTE
Language note Text in English.
650 #0 - SUBJECT ADDED ENTRY--TOPICAL TERM
Topical term or geographic name entry element Business
General subdivision Research.
650 #0 - SUBJECT ADDED ENTRY--TOPICAL TERM
Topical term or geographic name entry element Management science.
650 #0 - SUBJECT ADDED ENTRY--TOPICAL TERM
Topical term or geographic name entry element Quantitative research.
650 #7 - SUBJECT ADDED ENTRY--TOPICAL TERM
Topical term or geographic name entry element Business
General subdivision Research.
Source of heading or term fast
Authority record control number or standard number (OCoLC)fst00842371
650 #7 - SUBJECT ADDED ENTRY--TOPICAL TERM
Topical term or geographic name entry element Management science.
Source of heading or term fast
Authority record control number or standard number (OCoLC)fst01007306
650 #7 - SUBJECT ADDED ENTRY--TOPICAL TERM
Topical term or geographic name entry element Quantitative research.
Source of heading or term fast
Authority record control number or standard number (OCoLC)fst01742283
700 1# - ADDED ENTRY--PERSONAL NAME
Personal name Shockley, Kristen M.,
Relator term author.
906 ## - LOCAL DATA ELEMENT F, LDF (RLIN)
a 7
b cbc
c pccadap
d 2
e ncip
f 20
g y-gencatlg
942 ## - ADDED ENTRY ELEMENTS (KOHA)
Source of classification or shelving scheme Library of Congress Classification
Koha item type Books
Classification part 30.4
Item part SCH
Call number prefix HD
Call number suffix 2015
Holdings
Withdrawn status Lost status Damaged status Not for loan Collection code Home library Current library Shelving location Date acquired Total Checkouts Full call number Barcode Date last seen Copy number Price effective from Koha item type
        Non-fiction Mashava Campus Library Mashava Campus Library General Stacks 05/10/2021   HD 30.4 SCH 2015 028912 05/10/2021 c.1 05/10/2021 Books